000 00306nam a2200121Ia 4500
005 20260326235442.0
008 260326s9999||||xx |||||||||||||| ||und||
100 _aHumphries, Lund
245 0 _aPioneers of Modern furniture /
_cLund Humphries
260 _bFischer Fine Art
650 _aMUEBLES
942 _cBK
999 _c7464
_d7464